Πρακτικά 4ου Διεθνούς Συνεδρίου για τη Συντήρηση των Μνημείων της Μεσογείου : νέες αντιλήψεις, τεχνολογίες και υλικά για τη συντήρηση και διαχείριση ιστορικών πόλεων και συνόλων, Ρόδος, 6-11 Μαΐου 1997 = Proceedings 4th International Symposium on the Conservation of Monuments in the Mediterranean : new concepts, technologies and materials for the conservation and management of historic cities, sites and complexes, Rhodes, 6-11 May 1997

Αποθηκεύτηκε σε:
Λεπτομέρειες βιβλιογραφικής εγγραφής
Συγγραφή απο Οργανισμό/Αρχή: International Symposium on the Conservation of Monuments in the Mediterranean Basin Rhodes, Greece
Άλλοι συγγραφείς: Μοροπούλου, Αντωνία (edtf)
Μορφή: Πρακτικό Συνεδρίου Βιβλίο
Γλώσσα:Multiple
Δημοσίευση: Αθήνα : ΤΕΕ, 1997.
Θέματα:
Ετικέτες: Προσθήκη ετικέτας
Δεν υπάρχουν, Καταχωρήστε ετικέτα πρώτοι!

MARC

LEADER 00000cam a2200000 i 4500
001 1/81711
008 990518s1997####gr | | ||| |||| ||mul||
020 |a 9607018591   |q (set) 
020 |a 9607018605   |q (τ. 1) 
020 |a 9607018613   |q (τ. 2) 
020 |a 9607018591   |q (τ. 3) 
020 |a 960701863X   |q (τ. 4) 
035 |l 10050936 
040 |a GR-MyUa  |b gre  |e AACR2 
041 0 |a mul 
082 7 |a 720.288   |2 (23)  
111 2 |a International Symposium on the Conservation of Monuments in the Mediterranean Basin   |n (4th :   |d 1997 :   |c Rhodes, Greece) 
245 1 0 |a Πρακτικά 4ου Διεθνούς Συνεδρίου για τη Συντήρηση των Μνημείων της Μεσογείου :   |b νέες αντιλήψεις, τεχνολογίες και υλικά για τη συντήρηση και διαχείριση ιστορικών πόλεων και συνόλων, Ρόδος, 6-11 Μαΐου 1997 = Proceedings 4th International Symposium on the Conservation of Monuments in the Mediterranean : new concepts, technologies and materials for the conservation and management of historic cities, sites and complexes, Rhodes, 6-11 May 1997 /   |c scientific editors A. Mοropoulou… [κ. ά.].  
246 1 |i Παράλληλος τίτλος:   |a Proceedings 4th International Symposium on the Conservation of Monuments in the Mediterranean :   |b new concepts, technologies and materials for the conservation and management of historic cities, sites and complexes, Rhodes, 6-11 May 1997  
260 |a Αθήνα :   |b ΤΕΕ,   |c 1997.  
300 |a 4 τ. :   |b εικ. ;   |c 24 εκ.  
504 |a Περιλαμβάνει βιβλιογραφικές παραπομπές.  
650 0 |a Architecture  |x Conservation and restoration  |z Mediterranean Region  |v Congresses. 
650 0 |a Historic buildings  |x Conservation and restoration  |z Mediterranean Region  |v Congresses. 
650 0 |a Historic sites  |x Conservation and restoration  |z Mediterranean Region  |v Congresses. 
700 1 |a Μοροπούλου, Αντωνία,  |e edtf 
852 |a INST  |b LESVOS  |e 19990601  |h 720.288 INT  |p 005100016029  |q 005100016029  |t BK  |v τ.3:  |y 0  |z τ.3 
852 |a INST  |b LESVOS  |e 19990601  |h 720.288 INT  |p 005100016030  |q 005100016030  |t BK  |v τ.2:  |y 0  |z τ.2 
852 |a INST  |b LESVOS  |e 19990601  |h 720.288 INT  |p 005100016031  |q 005100016031  |t BK  |v τ.1:  |y 0  |z τ.1 
852 |a INST  |b LESVOS  |e 19990518  |h 720.288 INT  |p 005100016402  |q 005100016402  |t BK  |v τ.4:  |y 0  |z τ.4 
852 |a INST  |b SYROS  |e 20200506  |h 720.288 INT  |p 005500014961  |q 005500014961  |t BK  |v τ.1:  |y 0 
852 |a INST  |b SYROS  |e 20200506  |h 720.288 INT  |p 005500014962  |q 005500014962  |t BK  |v τ.2:  |y 0 
852 |a INST  |b SYROS  |e 20200506  |h 720.288 INT  |p 005500014963  |q 005500014963  |t BK  |v τ.3:  |y 0 
852 |a INST  |b SYROS  |e 20200506  |h 720.288 INT  |p 005500014964  |q 005500014964  |t BK  |v τ.4:  |y 0 
853 |a INST  |b LESVOS  |h 720.288 INT 
853 |a INST  |b SYROS  |h 720.288 INT 
920 |a Δωρεά Βιβλιοθήκης  |y Λέσβος  |z 1998-03 
970 |z 2000/05/ΟΙΚΟΝΟΜΟΠΟΥΛΟΥ ΧΡΙΣΤΙΝΑ